A ilha mágica (Registo nº 3659)
[ vista simples ]
| 000 -Etiqueta do registo | |
|---|---|
| Cabeçalho | 00745nam0a2200265 4500 |
| 005 - Identificador da versão | |
| Campo de controlo | 20240813122039.0 |
| 095 ## - | |
| -- | PTBN00128153 |
| 021 ## - Número do Depósito Legal | |
| Código do país | PT |
| Número | 21298/88 |
| 100 ## - Dados gerais de processamento | |
| Dados gerais de processamento | 20190520d1988 c y0pory5003 ba |
| 102 ## - Pais de publicação ou produção | |
| País de publicação | Portugal |
| 101 0# - Língua de publicação | |
| Língua do texto, banda sonora, etc. | Português |
| 215 ## - Descrição física | |
| Indicação específica da natureza do documento e extensão da espécie | 130, [3] p. |
| Outras indicações físicas | il. color |
| 200 1# - Titulo e menção de responsabilidade | |
| Título próprio | A ilha mágica |
| Primeira menção de responsabilidade | José Vaz |
| Outras menções de responsabilidade | il. Henrique Cayatte |
| 205 ## - Menção da edição | |
| Menção da edição | 1ª ed |
| 210 ## - Publicação, Distribuição, etc. | |
| Lugar da edição, distribuição, etc. | Porto |
| Nome do editor, distribuidor, etc. | Asa |
| Data da publicação, distribuição, etc. | 1988 |
| 327 1# - Nota de conteúdo | |
| Texto da nota | Contém 6 peças de teatro infantil |
| 606 ## - Nome comum usado como assunto | |
| Número de registo de entrada de autoridade | 0001414 |
| Palavra de ordem | Literatura portuguesa |
| Subdivisão de assunto | Teatro |
| Código do sistema | CA |
| 675 ## - Classificação Decimal Universal (CDU) | |
| Notação | 821.134.3-2 |
| Edição | 3ª ed. |
| Língua da edição | por |
| 702 #1 - Nome de autor-pessoa física (responsabilidade secundária) | |
| Número de registo de entrada de autoridade | 0000007 |
| Palavra de ordem | Cayatte |
| Outra parte do nome não tomada para palavra de ordem | Henrique |
| Datas | 1957- |
| Código de função | Ilustrador / Técnico de desenho computorizado |
| 700 #1 - Nome de autor-pessoa física (responsabilidade principal) | |
| Número de registo de entrada de autoridade | 0000003 |
| Palavra de ordem | Vaz |
| Outra parte do nome não tomada para palavra de ordem | José |
| Datas | 1940- |
| 966 ## - Identificação da Biblioteca | |
| Sigla | EBVEN |
| 942 ## - Elementos de entrada adicionados (Koha) | |
| Tipo de item no Koha | Livro |
| Situação do levantamento | Origin of item (home branch) (coded) | Biblioteca de empréstimo | Código de barras | Cota | Circulation type (not for loan) | Tipo de documento | Nota do exemplar | Damaged status |
|---|---|---|---|---|---|---|---|---|
| Biblioteca Escolar das Vendas | Biblioteca Escolar das Vendas | BEV532 | 8 POR VAZ | Livro | Sem mensagem | |||
| Biblioteca Escolar das Vendas | Biblioteca Escolar das Vendas | BEV533 | 8POR VAZ | Livro | Sem mensagem | |||
| Biblioteca Escolar das Vendas | Biblioteca Escolar das Vendas | BEV417 | 8POR VAZ | Livro | Sem mensagem | |||
| Biblioteca Escolar das Vendas | Biblioteca Escolar das Vendas | BEV531 | 8POR VAZ | Livro | Sem mensagem |
